00455nam a2200145 a 45000010005000000030005000050050017000100080041000270240016000680400020000841000019001042450052001232600038001755000096002131411CDMR20131217141040.0130130s1971||||||||||||||||||||||||||||d 2DLaM.32534 aCDMRbcatcCDMR1 aVeyrat, Miguel10aHablando de España en voz altacMiguel Veyrat aMadridc1971bGráficas Reunidas aFotos: Eduardo Caliz Entrevistes que van sortir publicades a Nuevo Diariodurant l'any 1971